Un modele novateur d'incitations économiques pour améliorer l'environnement de travail en Europe

Kaydedildi:
Detaylı Bibliyografya
Asıl Yazarlar: Bailey, Stephen K (Yazar), Jorgensen, Kirsten (Yazar), Koch, Chrixtian (Yazar), Kruger, Wolfgang (Yazar), Litske, Henrik (Yazar)
Materyal Türü: Kitap
Dil:Fransızca
Baskı/Yayın Bilgisi: Luxemburgo Office des Publications Officielles des Communautés Européennes 1995
Seri Bilgileri:Collection Brochures d'Information Brochure, 24
Konular:
Etiketler: Etiketle
Etiket eklenmemiş, İlk siz ekleyin!

MARC

LEADER 00000nam a2200000 a 4500
001 UCU1768
003 CL-VaPUC
008 960412e19950000lu |||||||||||||||||fre|d
082 0 4 |a 337.142  |b BAI  |2 21 
100 0 |a Bailey, Stephen K  |e author  |9 357530 
700 0 |a Jorgensen, Kirsten  |e author  |9 357531 
700 0 |a Koch, Chrixtian  |e author  |9 357532 
700 0 |a Kruger, Wolfgang  |e author  |9 357533 
700 0 |a Litske, Henrik  |e author  |9 357534 
245 1 3 |a Un modele novateur d'incitations économiques pour améliorer l'environnement de travail en Europe 
300 |a 120 p 
942 |c BK 
945 |d 19960412 00:00:00  |a rleighto 
260 |a Luxemburgo  |b Office des Publications Officielles des Communautés Européennes  |c 1995 
600 0 7 |a UNION EUROPEA  |2 CL-VaPUC  |9 320734 
650 0 |a Comunidad Europea  |9 255772 
650 0 |a Economía   |9 255568 
650 0 |a Comercio  |9 255341 
650 0 |a Organización  |9 256369 
583 |a last modification  |c 20171130 11:20:14  |k Rodrigo Vera 
490 0 |a Collection Brochures d'Information Brochure, 24 
999 |c 246282  |d 246280